00505nam a2200157Ia 4500008004100000020000600041040002600047082001200073245004700085260003400132942004300166952010000209999001700309003000400326005001700330241206s9999||||xx |||||||||||||| ||und|| c0 bengcSSK Libraryerda a620/ABS 0aAbstracts New Technologies And Engineering b Csa Journal Divisionc©2007 2Dewey Decimal ClassificationcBOOKnNo 00104070aSSHQbSSHQd2024-12-06l0o620/ABSp10072176r2024-12-06 22:27:08w2024-12-06yBOOK c16894d16894OSt20241206223257.0